000
00292nam a22001217a 4500
020
_a
07-039770-8
082
_a
621.4368 MAL'D
100
_a
MALEEVE, V. L
_9
77574
245
_a
DIESEL ENGINE OPERATION AND MAINTENANCE
260
_a
NEWYORK
_b
MCGRAW HILL
_c
1954
300
_a
504P
942
_c
BK
999
_c
582831
_d
582831